Normal view
MARC view
- Mian Khawar Hasham Ahmad
Entry Personal Name
001 - CONTROL NUMBER
- control field: 92249
003 - CONTROL NUMBER IDENTIFIER
- control field: NUST
005 - DATE AND TIME OF LATEST TRANSACTION
- control field: 20220703093312.0
008 - FIXED-LENGTH DATA ELEMENTS
- fixed length control field: 220703|| aca||aabn | a|a d
040 ## - CATALOGING SOURCE
- Original cataloging agency: NUST
- Transcribing agency: NUST
100 ## - HEADING--PERSONAL NAME
- Personal name: Mian Khawar Hasham Ahmad
670 ## - SOURCE DATA FOUND
- Source citation: Work cat.: (NUST)9356: Mian Khawar Hasham Ahmad, Peer-Peer Resource Broker and Scheduler in a Computational Intensive Grid Environment /, 2006.
